000 00635nam a2200193 i 4500
001 25894
003 ES-MaACL
007 t|
008 030103s1927 sp ||||1| spa d
100 1 _aArnáiz, Marcelino.
_923019
245 1 0 _aVocabulario
_b: ideario /
_cpor M. Arnáiz y B. Alcalde.
260 _aMadrid :
_bVoluntad,
_c[1927]
300 _a659 p. ;
_c21 cm.
490 1 _aBiblioteca de diccionarios manuales. Manual de Filosofía ;
_v1
700 1 _aAlcalde, B.
_919477
830 0 _aBiblioteca de diccionarios manuales. Manual de Filosofía ;
_v1
_9229149
852 _aES-MaACL
_jB-9830
_bR.24112
999 _c25894
_d25894